| 000 | 01033nam a22002537a 4500 | ||
|---|---|---|---|
| 005 | 20250219104116.0 | ||
| 008 | 250219b ||||| |||| 00| 0 eng d | ||
| 020 | _a9781998805631 | ||
| 040 |
_aCO-BoUCM _cDavid Moreno _dDavid Moreno |
||
| 041 | _aeng | ||
| 060 | _aWY 18.2 | ||
| 110 | 2 |
_aNewstone Test Prep _9184651 |
|
| 245 | 0 | 0 |
_aMedical-Surgical Nursing Study Guide 2025-2026 _bComplete Review + 450 Questions and Detailed Answer Explanations for the ANCC Certification Exam (3 Full-Length Med Surg Exams) _cNewstone Test Prep |
| 250 | _a1a. Ed | ||
| 260 |
_aOrlando, Florida _bNewstone Test Prep _c2025 |
||
| 300 | _a405 Páginas | ||
| 650 | 1 | 4 |
_aEnfermería médico-quirúrgica _9184652 |
| 650 | 1 | 4 |
_aGuía de estudio para enfermería _9184653 |
| 650 | 1 | 4 |
_aExamen ANCC _9184654 |
| 650 | 1 | 4 |
_aPruebas de certificación en enfermería _9184655 |
| 650 | 1 | 4 |
_aPreparación para exámenes médicos _9184656 |
| 650 | 1 | 4 |
_aPráctica avanzada de enfermería _9184657 |
| 942 |
_2NLM _a26 _cLIBRO _e1 _hWY 18.2 _mN558m _n0 |
||
| 999 |
_c325245 _d325245 |
||